000 00711nam a2200253Ia 4500
003 OSt
005 20221007100710.0
006 a|||||r|||| 00| 0
007 ta
008 221006b |||||||| |||| 00| 0 eng d
020 _a080181989X
024 _a4,937
037 _cTextual
040 _aLCO
_cLCO
_beng
041 _2eng
_aeng
082 _aZ1,6, L7
100 _aStone Julius
_9121516
245 0 _aConflict through Consensus
_b United Nations Approaches to Aggression
260 _aBombay
_bN.M.Tripathi Private Ltd. India
_c1977
300 _a234
650 _aCONFLICT THROUGH CONSENSUS
_9701996
942 _hZ1,6, L7
_cTEXL
999 _c1174500
_d1174500